Prosa y poesía del Barroco / (Record no. 108486)

MARC details
000 -LEADER
campo de control de longitud fija 00803nam a2200241 i 4500
001 - NÚMERO DE CONTROL
campo de control 108486
003 - IDENTIFICADOR DE NÚMERO DE CONTROL
campo de control ES-MaACL
005 - FECHA Y HORA DE LA ÚLTIMA TRANSACCIÓN
campo de control 20230906184641.0
007 - CAMPO FIJO DE DESCRIPCIÓN FÍSICA--INFORMACIÓN GENERAL
campo de control de longitud fija t|
008 - DATOS DE LONGITUD FIJA--INFORMACIÓN GENERAL
campo de control de longitud fija 061121s1980 sp af |||| | spa d
080 ## - NÚMERO DE LA CLASIFICACIÓN DECIMAL UNIVERSAL
Número de la Clasificación Decimal Universal 860(8.03).09"16"(084.12)
100 1# - ENTRADA PRINCIPAL--NOMBRE DE PERSONA
Nombre de persona Montes, Hugo.
9 (RLIN) 82554
245 10 - MENCIÓN DEL TÍTULO
Título Prosa y poesía del Barroco /
Mención de responsabilidad, etc. Hugo Montes.
260 ## - PUBLICACIÓN, DISTRIBUCIÓN, ETC.
Lugar de publicación, distribución, etc. Madrid :
Nombre del editor, distribuidor, etc. La Muralla,
Fecha de publicación, distribución, etc. 1980.
300 ## - DESCRIPCIÓN FÍSICA
Extensión 38 p. ;
Dimensiones 23 cm +
Material acompañante/anejo 60 diapositivas.
490 1# - MENCIÓN DE SERIE
Mención de serie Literatura hispanoamericana en imágenes ;
Designación de volumen o secuencia 4
504 ## - NOTA DE BIBLIOGRAFÍA, ETC.
Nota de bibliografía, etc. Bibliografía : p. 37-38.
650 #4 - PUNTO DE ACCESO ADICIONAL DE MATERIA--TÉRMINO DE MATERIA
Término de materia o nombre geográfico como elemento de entrada Literatura hispanoamericana-
Subdivisión cronológica Hasta S.XVIII-
Subdivisión general Historia y crítica.
9 (RLIN) 146678
650 #4 - PUNTO DE ACCESO ADICIONAL DE MATERIA--TÉRMINO DE MATERIA
Término de materia o nombre geográfico como elemento de entrada Diapositivas.
9 (RLIN) 163225
830 0# - PUNTO DE ACCESO ADICIONAL DE SERIE-TÍTULO UNIFORME
Título uniforme Literatura hispanoamericana en imágenes ;
Designación de volumen o secuencia 4
9 (RLIN) 185564
852 ## - LOCALIZACIÓN
Ubicación ES-MaACL
Número de control de estantería C-20483
Holdings
Estatus retirado Estado de pérdida Fuente del sistema de clasificación o colocación Estado de daño No para préstamo Biblioteca de origen Biblioteca actual Ubicación en estantería Fecha de adquisición Total de préstamos Signatura topográfica completa Código de barras Visto por última vez Precio de reemplazo Tipo de ítem Koha
    Clasificación decimal universal     Biblioteca del Ateneo de Madrid Biblioteca del Ateneo de Madrid Galería 17/01/2008   C-20483 1113201 23/02/2023 23/02/2023 Diapositiva